Normal view
MARC view
- ELECTRICITY CONDUCTORS INSULATORS SEMICONDUCTORS ELECTRIC CHARGES MAGNETISM CURRENT FLOW ELECTROMAGNETISM ELECTRIC CIRCUITS OHM'S LAW RESISTANCE DC SERIES CIRCUITS DC PARALLEL CIRCUITS ELECTRIC POWER AC METERS DC AND AC CIRCUITS
Entry Topical Term
001 - CONTROL NUMBER
- control field: 80105
003 - CONTROL NUMBER IDENTIFIER
- control field: NUST
005 - DATE AND TIME OF LATEST TRANSACTION
- control field: 20210628210608.0
008 - FIXED-LENGTH DATA ELEMENTS
- fixed length control field: 210628|| aca||aabn | a|a d
040 ## - CATALOGING SOURCE
- Original cataloging agency: NUST
- Transcribing agency: NUST
150 ## - HEADING--TOPICAL TERM
- Topical term or geographic name entry element: ELECTRICITY CONDUCTORS INSULATORS SEMICONDUCTORS ELECTRIC CHARGES MAGNETISM CURRENT FLOW ELECTROMAGNETISM ELECTRIC CIRCUITS OHM'S LAW RESISTANCE DC SERIES CIRCUITS DC PARALLEL CIRCUITS ELECTRIC POWER AC METERS DC AND AC CIRCUITS
670 ## - SOURCE DATA FOUND
- Source citation: Work cat.: (NUST): Neville Nooger Valkenburgh, Van 78982, Basic electricity complete course,volumes 1-5, 1992
